000 00294nam a2200133Ia 4500
100 _aWilliams/ Dave
942 _cBK
654 _aTechnical Reference
245 _aProgrammers Technical Reference
260 _bGalgotia
_aNew Delhi
_c1993
300 _a752
546 _aENGLISH
999 _c28154
_d28154